00000000nam 2200000zi 4500
0019.914549
003CaOODSP
00520250218144942
006m     o  d f      
007cr cn|||||||||
008220817t20222022onc     o    f000 0 fre d
020 |a9780660450919
040 |aCaOODSP|bfre|erda|cCaOODSP
043 |an-cn---
0861 |aCi4-194/2022F-PDF
24500|aÉtude sur les jeunes d'Expérience internationale Canada (EIC) 2022 : |brapport final / |cpréparé pour Immigration, Réfugiés et Citoyenneté Canada.
264 1|aOttawa (Ontario) : |bImmigration, Réfugiés et Citoyenneté Canada = Immigration, Refugees and Citizenship Canada, |c2022.
264 4|c©2022
300 |a1 ressource en ligne (vi, 94 pages) + |esommaire (vi pages) & Annexe B (79 pages non numérotées)
336 |atexte|btxt|2rdacontent/fre
337 |ainformatique|bc|2rdamedia/fre
338 |aressource en ligne|bcr|2rdacarrier/fre
500 |aTitre de la couverture.
500 |a« Nom du fournisseur : Environics Research. »
500 |a« Numéro d'enregistrement : POR # 078-21. »
500 |a« Numéro de contrat : B8815-220311/002/CY. »
500 |a« Date de livraison : 2022-03-18. »
500 |aPublié aussi en anglais sous le titre : 2022 International Experience Canada (IEC) youth study: final report.
520 |a« Expérience internationale Canada (EIC) est un programme géré par Immigration, Réfugiés et Citoyenneté Canada (IRCC) qui permet aux jeunes Canadiens de travailler et de voyager à l'étranger. Pour les citoyens canadiens âgés de 18 à 35 ans, EIC ouvre l'accès vers un permis de travail ou un visa, ce qui leur donne l'occasion de travailler et d'explorer l'un de plus de 30 pays et territoires. Comme il s'agit d'un programme réciproque, les jeunes étrangers provenant de pays ou de territoires partenaires peuvent faire de même au Canada. Le programme comprend des possibilités d'obtenir des permis de travail ouverts (c.-à-d. les permis Vacances-travail) qui ne nécessitent pas d'offre d'emploi et des permis spécifiques à l'employeur qui sont liés à l'obtention d'une offre d'emploi valide » -- Contexte et objectifs, page i.
546 |aAnnexe B texte en français et en anglais.
650 6|aCanadiens|xTravail|zPays étrangers|xOpinion publique.
650 6|aJeunes adultes|xTravail|zPays étrangers|xOpinion publique.
650 6|aEmploi à l'étranger|xPolitique gouvernementale|zCanada|xOpinion publique.
650 6|aPandémie de COVID-19, 2020-2023|xAspect social|zCanada.
650 6|aOpinion publique|zCanada.
650 6|aJeunes adultes|zCanada|xAttitudes.
7101 |aCanada. |bImmigration, réfugiés et citoyenneté Canada, |eorganisme de publication.
7102 |aEnvironics Research Group, |econsultant.
77508|t2022 International Experience Canada (IEC) youth study : |w(CaOODSP)9.914548
794 |tÉtude sur Expérience internationale Canada (EIC) 2023 : |w(CaOODSP)9.926678
795 |tÉtude sur les jeunes d'Expérience internationale Canada (EIC) 2021 : |w(CaOODSP)9.902398
85640|qPDF|s1.93 Mo|uhttps://publications.gc.ca/collections/collection_2022/ircc/Ci4-194-2022-fra.pdf|zRapport final
85640|qPDF|s617 Ko|uhttps://publications.gc.ca/collections/collection_2022/ircc/Ci4-194-2022-1-fra.pdf|zSommaire
85640|qPDF|s1.40 Mo|uhttps://publications.gc.ca/collections/collection_2022/ircc/Ci4-194-2022-2.pdf|zAnnexe B